Italian Regions By Population - Statistics

General Stats
  • This quiz has been taken 49 times
  • The average score is 15 of 20
Answer Stats
Population Region % Correct
9.950.742 Lombardy
98%
5.707.112 Lazio
95%
4.838.253 Veneto
93%
4.802.016 Sicily
89%
5.592.175 Campania
84%
4.240.736 Piedmont
84%
3.651.152 Tuscany
84%
4.426.929 Emilia-Romagna
82%
3.900.852 Apulia
77%
1.575.028 Sardinia
75%
1.841.300 Calabria
70%
1.075.317 Trentino Alto-Adige
70%
1.502.624 Liguria
68%
289.840 Molise
66%
854.137 Umbria
66%
536.659 Basilicata
61%
1.480.839 Marche
61%
122.955 Valle d'Aosta
61%
1.269.860 Abruzzo
59%
1.192.191 Friuli Venezia-Giulia
57%
No matching quizzes found
Score Distribution
Percent of People with Each Score
Percentile by Number Answered
Your Score History
You have not taken this quiz